Ethical issues in business : (Record no. 565)

000 -LEADER
fixed length control field 00883cam a2200265 a 4500
003 - CONTROL NUMBER IDENTIFIER
control field ALUPE UNIVERSITY
005 - DATE AND TIME OF LATEST TRANSACTION
control field 20210615111821.0
008 - FIXED-LENGTH DATA ELEMENTS--GENERAL INFORMATION
fixed length control field 000119s2000 onc 001 0 eng d
020 ## - INTERNATIONAL STANDARD BOOK NUMBER
International Standard Book Number 1551112574
040 ## - CATALOGING SOURCE
Transcribing agency CaOTU
050 ## - LIBRARY OF CONGRESS CALL NUMBER
Classification number HF5387
Item number .T57 2000
090 ## - LOCALLY ASSIGNED LC-TYPE CALL NUMBER (OCLC); LOCAL CALL NUMBER (RLIN)
Classification number (OCLC) (R) ; Classification number, CALL (RLIN) (NR) HF5387
Local cutter number (OCLC) ; Book number/undivided call number, CALL (RLIN) .T57 2000
100 1# - MAIN ENTRY--PERSONAL NAME
Personal name Tittle, Peg,
Dates associated with a name 1957-
245 10 - TITLE STATEMENT
Title Ethical issues in business :
Remainder of title inquiry, cases, and readings /
Statement of responsibility, etc. Peg Tittle.
260 ## - PUBLICATION, DISTRIBUTION, ETC.
Place of publication, distribution, etc. Peterborough, Ont. :
Name of publisher, distributor, etc. Broadview Press,
Date of publication, distribution, etc. 2000.
300 ## - PHYSICAL DESCRIPTION
Extent 549 p. ;
Dimensions 24 cm.
504 ## - BIBLIOGRAPHY, ETC. NOTE
Bibliography, etc. note Includes bibliographical references.
650 #0 - SUBJECT ADDED ENTRY--TOPICAL TERM
Topical term or geographic name entry element Business ethics
Geographic subdivision Canada.
650 #0 - SUBJECT ADDED ENTRY--TOPICAL TERM
Topical term or geographic name entry element Business ethics
Geographic subdivision Canada
Form subdivision Case studies.
942 ## - ADDED ENTRY ELEMENTS (KOHA)
Source of classification or shelving scheme
Koha item type Book
Suppress in OPAC DO
945 ## - LOCAL PROCESSING INFORMATION (OCLC)
a HF5387.T57 2000
i 30020003459627
l 010101
t 00
y ABI-6271
Holdings
Withdrawn status Lost status Source of classification or shelving scheme Damaged status Not for loan Permanent Location Current Location Shelving location Date acquired Total Checkouts Full call number Barcode Date last seen Price effective from Koha item type Public note
          AU LIBRARY AU LIBRARY Open Shelf 15.06.2021   HF5387 .T57 2000 28000191 15.06.2021 15.06.2021 Book DO

Powered by Koha